|
|
|
|
| LEADER |
00000cam a22000004a 4500 |
| 001 |
musev2_85455 |
| 003 |
MdBmJHUP |
| 005 |
20230905052759.0 |
| 006 |
m o d |
| 007 |
cr||||||||nn|n |
| 008 |
080530s2007 nyu o 00 0 eng d |
| 020 |
|
|
|a 9781580466691
|
| 020 |
|
|
|z 9781580462396
|
| 035 |
|
|
|a (OCoLC)666938879
|
| 040 |
|
|
|a MdBmJHUP
|c MdBmJHUP
|
| 100 |
1 |
|
|a D'Andrea, David Michael.
|0 (DE-588)137516614
|
| 245 |
1 |
0 |
|a Civic Christianity in Renaissance Italy :
|b The Hospital of Treviso, 1400-1530 /
|c David M. D'Andrea.
|
| 250 |
|
|
|a 1. publ.
|
| 264 |
|
1 |
|a Rochester, NY :
|b University of Rochester Press,
|c 2007.
|
| 264 |
|
3 |
|a Baltimore, Md. :
|b Project MUSE,
|c 2021
|
| 264 |
|
4 |
|c ©2007.
|
| 300 |
|
|
|a 1 online resource (228 pages):
|b Illustrationen, Karten ;
|
| 336 |
|
|
|a text
|b txt
|2 rdacontent
|
| 337 |
|
|
|a computer
|b c
|2 rdamedia
|
| 338 |
|
|
|a online resource
|b cr
|2 rdacarrier
|
| 490 |
0 |
|
|a Changing perspectives on early modern Europe
|
| 588 |
|
|
|a Description based on print version record.
|
| 610 |
2 |
7 |
|a Santa Maria dei Battuti.
|0 (DE-588)4654089-1
|2 gnd
|
| 610 |
2 |
7 |
|a Ospedale di Santa Maria dei Battuti Treviso.
|0 (DE-588)4654083-0
|2 gnd
|
| 610 |
2 |
4 |
|a Santa Maria dei Battuti
|x Geschichte
|y Geschichte 1400-1500.
|
| 650 |
0 |
7 |
|a Geschichte.
|0 (DE-588)4020517-4
|2 gnd
|
| 655 |
|
7 |
|a Electronic books.
|2 local
|
| 710 |
2 |
|
|a Project Muse.
|e distributor
|
| 830 |
|
0 |
|a Book collections on Project MUSE.
|
| 856 |
4 |
0 |
|z Texto completo
|u https://projectmuse.uam.elogim.com/book/85455/
|
| 945 |
|
|
|a Project MUSE - Custom Collection
|